GUIDE TO COMPUTER FORENSICS AND INVESTIGATIONS. (Record no. 216965)

MARC details
000 -LEADER
fixed length control field 00563nam a22001937a 4500
008 - FIXED-LENGTH DATA ELEMENTS--GENERAL INFORMATION
fixed length control field 260415b |||||||| |||| 00| 0 eng d
020 ## - INTERNATIONAL STANDARD BOOK NUMBER
International Standard Book Number 978-93-5350-626-1
050 ## - LIBRARY OF CONGRESS CALL NUMBER
Classification number HV 8079 .C65 N45 2019
100 ## - MAIN ENTRY--PERSONAL NAME
Personal name NELSON, BILL
245 ## - TITLE STATEMENT
Title GUIDE TO COMPUTER FORENSICS AND INVESTIGATIONS.
250 ## - EDITION STATEMENT
Edition statement 6TH
260 ## - PUBLICATION, DISTRIBUTION, ETC.
Place of publication, distribution, etc. AUSTRALIA,
Name of publisher, distributor, etc. CENGAGE,
Date of publication, distribution, etc. 2019.
300 ## - PHYSICAL DESCRIPTION
Extent XXX, 738 P, ILL
500 ## - GENERAL NOTE
General note INCLUDES INDEX.
650 ## - SUBJECT ADDED ENTRY
Topical term or geographic name entry element 1. COMPUTER CRIMES - INVESTIGATION 2. COMPUTER FORENSICS
700 ## - ADDED ENTRY--PERSONAL NAME
Personal name PHILIPS, AMELIA.
942 ## - ADDED ENTRY ELEMENTS (KOHA)
Source of classification or shelving scheme Library of Congress Classification
Koha item type Long Loan Book
Holdings
Withdrawn status Lost status Source of classification or shelving scheme Damaged status Not for loan Collection Home library Current library Shelving location Date acquired Inventory number Total checkouts Full call number Barcode Date last seen Copy number Price effective from Koha item type
    Library of Congress Classification     Law Kisii University Library Kisii University Library On Display 04/15/2026 112896   HV 8079 .C65 N45 2019 a001585 04/15/2026 1 04/15/2026 Long Loan Book
    Library of Congress Classification     Law Kisii University Library Kisii University Library On Display 04/15/2026 112897   HV 8079 .C65 N45 2019 a001586 04/15/2026 2 04/15/2026 Long Loan Book
    Library of Congress Classification     Law Kisii University Library Kisii University Library On Display 04/15/2026 112898   HV 8079 .C65 N45 2019 a001583 04/15/2026 3 04/15/2026 Long Loan Book
    Library of Congress Classification     Law Kisii University Library Kisii University Library On Display 04/15/2026 112899   HV 8079 .C65 N45 2019 a001584 04/15/2026 4 04/15/2026 Long Loan Book